000 00866nam a2200205Ia 4500
999 _c39669
_d39669
001 6271
003 GE_BSU
005 20190927170040.0
008 181216s1991||||ge |||||||||||||| ||geo||
040 _cGE_BSU
080 _a821.353.1-4 ბ-17
100 _aბათიაშვილი, გურამ.
_94367
245 _aთუ დაგივიწყო იერუშალაიმ! :
_bრომანი :
_cგურამ ბათიაშვილი ; რედ. ჯუმბერ თითმერია.
264 _aთბილისი :
_bმერანი ;
_c1991.
300 _a398 გვ.;
_c21 სმ.
653 _aთუ დაგივიწყო იერუშალაიმ!
653 _aრომანი
700 _aთითმერია, ჯუმბერ
_eრედაქტორი
_94378
942 _cBK
_2udc